000 00365nam a22001697a 4500
003 OSt
005 20210922133544.0
008 210922b |||||||| |||| 00| 0 eng d
020 _a0065010248
040 _chu
082 _a330
100 _alipsey R'G
_96085
245 _aMicroeconomics
260 _aNewyrk
_bInc
_c1393
300 _a811
942 _2ddc
_cBOOKS
_n0
999 _c5906
_d5906